| 000 | 00341nam a2200133Ia 4500 | ||
|---|---|---|---|
| 008 | 240624s9999 xx 000 0 und d | ||
| 041 | _aeng | ||
| 082 | _a658.4092 JON | ||
| 100 | _aJONES STEPHANIE | ||
| 245 | _aNAPOLEONIC LEADERSHIP A STUDY IN POWER | ||
| 260 |
_c2015 _aNew Delhi _bSage |
||
| 300 | _ax, 142 p.; 23 cm. | ||
| 365 |
_cBPS _b38 |
||
| 999 |
_c31199 _d31199 |
||